<?xml version="1.0" encoding="UTF-8"?><?xml-stylesheet type="text/xsl" href="static/style.xsl"?><OAI-PMH xmlns="http://www.openarchives.org/OAI/2.0/" xmlns:xsi="http://www.w3.org/2001/XMLSchema-instance" xsi:schemaLocation="http://www.openarchives.org/OAI/2.0/ http://www.openarchives.org/OAI/2.0/OAI-PMH.xsd"><responseDate>2026-06-02T00:34:40Z</responseDate><request verb="GetRecord" identifier="oai:riuma.uma.es:10630/16414" metadataPrefix="marc">https://riuma.uma.es/rest/oai/request</request><GetRecord><record><header><identifier>oai:riuma.uma.es:10630/16414</identifier><datestamp>2026-02-03T12:13:22Z</datestamp><setSpec>com_10630_2254</setSpec><setSpec>col_10630_37959</setSpec></header><metadata><record xmlns="http://www.loc.gov/MARC21/slim" xmlns:dcterms="http://purl.org/dc/terms/" xmlns:doc="http://www.lyncode.com/xoai" xmlns:xsi="http://www.w3.org/2001/XMLSchema-instance" xsi:schemaLocation="http://www.loc.gov/MARC21/slim http://www.loc.gov/standards/marcxml/schema/MARC21slim.xsd">
   <leader>00925njm 22002777a 4500</leader>
   <datafield ind2=" " ind1=" " tag="042">
      <subfield code="a">dc</subfield>
   </datafield>
   <datafield ind2=" " ind1=" " tag="720">
      <subfield code="a">Rivas-Flores, José Ignacio</subfield>
      <subfield code="e">author</subfield>
   </datafield>
   <datafield ind2=" " ind1=" " tag="720">
      <subfield code="a">Martínez Rodríguez, Juan Bautista</subfield>
      <subfield code="e">author</subfield>
   </datafield>
   <datafield ind2=" " ind1=" " tag="720">
      <subfield code="a">Valverde-Berrocoso, Jesús</subfield>
      <subfield code="e">author</subfield>
   </datafield>
   <datafield ind2=" " ind1=" " tag="720">
      <subfield code="a">Fernández-Rodríguez, Juan Bautista</subfield>
      <subfield code="e">author</subfield>
   </datafield>
   <datafield ind2=" " ind1=" " tag="260">
      <subfield code="c">2018-09-07</subfield>
   </datafield>
   <datafield ind2=" " ind1=" " tag="520">
      <subfield code="a">La mayor parte de los aprendizajes tienen lugar sin que medie una enseñanza explícita y son invisibles para la educación formal. Más bien tienen lugar por la actividad de los sujetos y la interacción en los grupos y comunidades de referencia. Los diseños curriculares deberían abrirse a estas otras formas de aprendizaje así como a otras nuevas que se van incorporando en el sistema social actual. Esta investigación (EDU2014-51961-P, MINECO) se plantea analizar estos aprendizajes en una multiplicidad de experiencias emergentes en escenarios diversos: institucionales, artísticos, socio-educativos, en redes sociales, en tecnologías en expansión, comunicativos, profesionales, etc. Se utiliza, por tanto, la metodología de estudios de casos con un diseño de tipo múltiple, multi-casos o colectivo, seleccionados de acuerdo a los criterios aplicados en las nuevas ecologías del aprendizaje: a) la heterogeneidad sociocultural de los participantes, b) las formas de conocimiento reticulares, hipertextuales, multimediales o interactivas, c) el nivel de implicación ciudadana y d) según los diferentes procedimientos de intercambio de saberes. Estos casos son trabajados en diferentes ubicaciones del Estado Español y se agrupan en torno a 4 ejes: Desarrollo socio-comunitario, Experiencias alternativas en educación infantil, mediaciones tecnológicas, comunidades de formación. Los resultados que se han ido viendo en los mismos apuntan a las siguientes conclusiones: Es necesario reconceptualizar el conocimiento en el contexto de la educación expandida; los procesos de generación de saberes son necesariamente horizontales y compartidos, rompiéndose las jerarquías tradicionales; los contextos en que se generan los saberes establecen condiciones particulares, de acuerdo a sus características (temporalidad, espacialidad y relación); la ciudadanía se ve afectada por estos modos de aprendizaje reconstruyendo las relaciones sociales, culturales y políticas.</subfield>
   </datafield>
   <datafield ind1="8" ind2=" " tag="024">
      <subfield code="a">https://hdl.handle.net/10630/16414</subfield>
   </datafield>
   <datafield tag="653" ind2=" " ind1=" ">
      <subfield code="a">Enseñanza - Congresos</subfield>
   </datafield>
   <datafield ind2="0" ind1="0" tag="245">
      <subfield code="a">Ecologías del aprendizaje en contextos múltiples. Análisis de proyectos de educación expandida y conformación de ciudadanía</subfield>
   </datafield>
</record>
</metadata></record></GetRecord></OAI-PMH>